| 000 | 00414 a2200145 4500 | ||
|---|---|---|---|
| 020 | _a8176560634 | ||
| 090 |
_c5894 _d5894 |
||
| 100 | _aKanetkar, Yashavant P. | ||
| 245 |
_aVisual c++ projects _cYashavant P. Kanetkar |
||
| 260 |
_aNew Delhi: _bBPB Publications, _c1999. |
||
| 300 |
_ax, 346 p. : _bill. ; _c24 cm. |
||
| 500 | _aIncludes index. | ||
| 650 | _aC++ (Computer program language) | ||
| 942 |
_cBK _k005.133 KAN |
||
| 999 |
_c9733 _d9733 |
||